| 000 -LEADER |
| fixed length control field |
00623nam a22001697a 4500 |
| 020 ## - INTERNATIONAL STANDARD BOOK NUMBER |
| ISBN |
9781003196907 |
| 082 ## - DEWEY DECIMAL CLASSIFICATION NUMBER |
| Classification number |
351.072 |
| Item number |
T477 2022 |
| 100 ## - MAIN ENTRY--AUTHOR NAME |
| Personal name |
Thiel, Sandra van, author. |
| 245 ## - TITLE STATEMENT |
| Title |
Research methods in public administration and public management : an introduction / Sandra van Thiel. |
| 250 ## - EDITION STATEMENT |
| Edition statement |
Second Edition. |
| 260 ## - PUBLICATION, DISTRIBUTION, ETC. (IMPRINT) |
| Place of publication |
New York : |
| Name of publisher |
Routledge, |
| Year of publication |
c2022. |
| 300 ## - PHYSICAL DESCRIPTION |
| Number of Pages |
1 online resource, xii, 190 pages : |
| Other physical details |
illustrations. |
| 490 ## - SERIES STATEMENT |
| Series statement |
Routledge Master in Public Management. |
| 500 ## - GENERAL NOTE |
| General note |
Includes bibliographic references and index. |
| 650 ## - SUBJECT ADDED ENTRY--TOPICAL TERM |
| Topical Term |
Public administration -- Research. |
| 942 ## - ADDED ENTRY ELEMENTS (KOHA) |
| Koha item type |
Electronic Books |